000 00876nam a22002417a 4500
999 _c15796
_d15796
003 MIRAKIL
005 20240327151226.0
008 240327b tu ||||| |||| 00| 0 tur d
020 _a9789751746450
040 _aTR-AnCHP
_cTR-AnCHP
041 _atur
082 _a813.42
_bE23b 2020
100 _aAhmet Midhat Efendi
245 1 0 _aBahtiyarlık /
_cAhmet Midhat Efendi ; hazırlayan Nuri Sağlam
260 _aAnkara :
_bTürk Dil Kurumu,
_c2020.
300 _a95 sayfa ;
_c21 cm.
490 0 _aAtatürk Kültür, Dil ve Tarih Yüksek Kurumu Türk Dil Kurumu yayınları ;
_v756/2.
490 0 _aYeni Türk edebiyatı kaynak metinleri dizisi ;
_v2.
490 0 _aAhmet Midhat Efendi bütün eserleri romanlar ;
_vXI.
650 0 _95539
_aTürk Romanı
856 _zDijital Nüshası için Partimizin Kütüphane Sorumlusu ile iletişime geçiniz.
942 _2ddc
_cBKS